000
00228 a2200097 4500
001
11793
100
_a
Bailey, S
245
_a
Common sense about sexual ethics
260
_a
_b
Victor Gellanez London
_c
2000
090
_c
9049
_d
9049
942
_a
NUST-CAE
_c
M
_c
35877
999
_c
246866
_d
246866